India by Picture - Statistics

General Stats
  • This quiz has been taken 109 times
  • The average score is 11 of 15
Answer Stats
Picture Hint Answer % Correct
Game Chess
98%
Building Taj Mahal
97%
Leader Mahatma Gandhi
96%
Dress Saree
92%
Language Sanskrit
85%
Religion Hinduism
83%
City Mumbai
81%
(Pious River) Ganga
79%
City Delhi
78%
Dish Idli
72%
Statue of {Unity}
60%
City Varanasi
57%
Region Jammu and Kashmir
56%
Island Lakshadweep
48%
{British} India
36%
No matching quizzes found
Score Distribution
Percent of People with Each Score
Percentile by Number Answered
Your Score History
You have not taken this quiz